| 000 | 01088 a2200181 4500 | ||
|---|---|---|---|
| 003 | Nust | ||
| 005 | 20221220120050.0 | ||
| 040 | _cNust | ||
| 082 | _a621.384,MAR | ||
| 100 |
_aMarcus, Abraham _940045 |
||
| 245 |
_aRadio servicing: _btheory and practice / _cAbraham Marcus, |
||
| 260 |
_aAllen and Unwin _bLondon, _c1950 |
||
| 300 |
_axx, 775 p _billus _c23 cm |
||
| 505 | _aElectrical and Radio Theory (Page-1), Components and Parts (Page-85), The Electron Tube (Page-124), The Electron Tube as a Rectifier (Page-177), The Electron Tube as a Detector (Page-193), The Electron Tube as a Amplifier (Page-231), Practical Amplifiers (Page-263), The Electron Tube as an Oscillator (Page-322), Special Tubes Used in Radio (Page-358), Control Circuits (Page-377), Radio Receivers (Page-433), Power Supplies (Page-492), Instruments used for Servicing (Page-562), Servicing Producers (Page-665), Servicing Techniques (Page-700), Repair, Replacement and Readjustment (Page-723). | ||
| 600 |
_aMarcus, Abraham _940045 |
||
| 650 |
_aRadio servicing: theory and practice _9105337 |
||
| 942 |
_2ddc _cBK |
||
| 999 |
_c183075 _d183075 |
||